Ivan Fiala

Bibliographic Details
Main Authors: Kubovčík, Vlado (Author, Interviewer), Fiala, Ivan, 1941-2018 (Author)
Format: Article
Language:Slovak
PhysicalDescription:Fotogr.
ISSN:1336-7161
Subjects:

MARC

LEADER 00000nab a2200000 ar4500
001 vtls008426890
003 SK-MaSNL
005 20260303065944.0
008 060129c2005 xo mr|p||| |000 b|slo
015 |a SNBRB2006/01 
038 |a SPK 
040 |a SPKCL  |b slo  |c AACR2  |e AACR2 
041 0 |a slo 
044 |a xo  |c SK 
080 |a 929 Fiala, Ivan  |2 UDC-MRF-SK2 
080 |a 796.524  |2 UDC-MRF-SK2 
100 1 |a Kubovčík, Vlado  |4 ivr  |4 aut  |9 1066710 
245 1 0 |a Ivan Fiala  |c Vlado Kubovčík, Ivan Fiala 
300 |b Fotogr. 
600 1 7 |a Fiala, Ivan,  |d 1941-2018  |2 snkbucl  |9 186684 
650 0 7 |a horolezectvo  |2 snkbucl  |9 1050 
650 0 7 |a horolezci  |2 snkbucl  |9 3285 
655 7 |a rozhovory  |2 snkbucl  |9 31831 
655 7 |a biografie  |2 snkbucl  |9 27965 
700 1 |a Fiala, Ivan,  |d 1941-2018  |4 ive  |4 aut  |9 186684 
773 0 |t Pán učiteľ : časopis pre učiteľov, rodičov a žiakov  |g Roč. 1, č. 3 (2005), s. [28]  |x 1336-7161 
852 |a SPK  |b KIS3GCP 
958 |a BX  |2 snkbucl 
999 |c 1753400  |d 1755330